Detalles MARC
| 000 -LÍDER |
| Campo fijo de descripción fija |
03159nam a2200313 i 4500 |
| 001 - NÚMERO DE CONTROL |
| Campo de control |
768714001 |
| 003 - IDENTIFICADOR DEL NÚMERO DE CONTROL |
| Campo de control |
CO-MdFUSB |
| 005 - FECHA Y HORA DE LA ULTIMA TRANSACCIÓN |
| control field |
20200618141547.0 |
| 007 - CAMPO FIJO DE DESCRIPCIÓN FIJA--INFORMACIÓN GENERAL |
| Campo fijo de descripción fija |
ta |
| 008 - ELEMENTOS DE LONGITUD FIJA -- INFORMACIÓN GENERAL |
| Campo fijo de descripción fija -- Información general |
200618t1996 -usa|||| |||| 00| 0 eng d |
| 020 ## - NÚMERO INTERNACIONAL NORMALIZADO PARA LIBROS |
| Número Internacional Normalizado del libro |
9781889638003 |
| 040 ## - FUENTE DE CATALOGACIÓN |
| Agencia de catalogación original |
CO-MdFUSB |
| Idioma de catalogación |
spa |
| Agencia que realiza la transcripción |
CO-MdFUSB |
| Agencia que realiza la modificación |
CO-MdFUSBC |
| Convenciones de la descripción |
rda |
| 041 ## - CÓDIGO DE IDIOMA |
| Código de idioma para texto/pista de sonido o título separado |
eng |
| 082 ## - NÚMERO DE CLASIFICACIÓN DECIMAL DEWEY |
| Número de la edición del Dewey |
23 |
| Número de clasificación |
254.5 |
| Clave de autor-Numero de item |
S411 |
| 100 ## - ASIENTO PRINCIPAL--NOMBRE PERSONAL |
| Nombre personal |
Schwarz, Christian A. |
| Término relacionador |
autor |
| 245 ## - TÍTULO |
| Título del Material |
Natural church development : |
| Parte restante del título - Subtitulo |
a guide to eight essential qualities of healthy churches |
| Mención de responsabilidad, etc. |
/ Christian A Schwarz |
| 264 #1 - PRODUCCIÓN, PUBLICACIÓN, DISTRIBUCIÓN, MANUFACTURA, Y COPYRIGHT |
| Lugar de producción, publicación, distribución, manufactura |
Carol Stream, IL : |
| Nombre del productor, publicador, distribuidor |
ChurchSmart Resources, |
| Fecha de producción, publicación, distribución, manufactura, o copyright |
[1996] |
| 264 #4 - PRODUCCIÓN, PUBLICACIÓN, DISTRIBUCIÓN, MANUFACTURA, Y COPYRIGHT |
| Fecha de producción, publicación, distribución, manufactura, o copyright |
© 1996 |
| 300 ## - DESCRIPCIÓN FÍSICA |
| Extensión |
120 páginas |
| Otros detalles físicos |
ilustraciones a color |
| Dimensiones |
; 25 cm |
| 336 ## - TIPO DE CONTENIDO |
| Fuente |
rdacontent |
| Término de tipo de contenido |
texto |
| Código de tipo de contenido |
txt |
| 337 ## - TIPO DE MEDIO |
| Fuente |
rdamedia |
| Nombre del tipo de medio |
sin mediación |
| Código del tipo de medio |
n |
| 338 ## - TIPO DE SOPORTE |
| Fuente |
rdacarrier |
| Nombre del tipo de soporte |
volumen |
| Código Tipo de soporte |
nc |
| 505 ## - NOTA DE CONTENIDO |
| Nota de contenido con formato preestablecido |
Lejos del pensamiento tecnocrático: ¿qué es el desarrollo natural de la iglesia? - Descubriendo el "potencial biótico" - El principio de "todo por sí mismo" - Desmitificando el crecimiento de la iglesia - El proyecto de investigación internacional - ¿Es el "crecimiento" el criterio apropiado? - Característica de calidad 1: Empoderamiento del liderazgo - Característica de calidad 2: Ministerio orientado a los dones - Característica de calidad 3: Espiritualidad apasionada - Característica de calidad 4: Estructuras funcionales - Característica de calidad 5: Servicio de adoración inspirador - Característica de calidad 6: Holístico grupos pequeños - Característica de calidad 7: Evangelismo orientado a la necesidad - Característica de calidad 8: Relaciones amorosas - No puede faltar ninguna característica de calidad - La "hipótesis 65" - El enfoque cualitativo - ¿Por qué los objetivos de crecimiento cualitativos son inadecuados? ¿Son las iglesias grandes iglesias "buenas"? - Enfocando nuestras energías - El barril mínimo -<br/>Paralelos de la agricultura - ¿Factor mínimo o máximo? - ¡ Cuidado con los "modelos"! - ¿ Tecnócrata o biótica? - Por qué la tecnocracia no funciona - Principio 1: Interdependencia - Principio 2: Multiplicación - Principio 3: Transformación de energía -<br/>Principio 4: Uso múltiple - Principio 5: Simbiosis - Principio 6: Funcionalidad - Biótico = lo opuesto a lo habitual - Aprender a pensar bióticamente - Bipolaridad en la Biblia - Peligros a la derecha y a la izquierda - El paradigma tecnocrático - El paradigma espiritualista - El efecto de paradigmas incorrectos - Consecuencias teológicas - ¿Qué significa esto prácticamente? - ¿Podemos "hacer" que una iglesia crezca? - El callejón sin salida del pragmatismo - Cómo desarrollar su propio programa - Paso 1: Desarrolle un impulso espiritual - Paso 2: Determine sus factores mínimos - Paso 3: Establezca metas cualitativas - Paso 4: Identifique los obstáculos - Paso 5: Aplique principios bióticos - Paso 6: ejercite sus fortalezas - Paso 7: utilice herramientas bióticas. Paso 8: controle la efectividad. Paso 9: aborde sus nuevos factores mínimos. Paso 10: multiplique su iglesia. |
| 563 ## - NOTA DE ENCUADERNACIÓN |
| Nota de encuadernación |
Rústico |
| 653 ## - TÉRMINO DE INDIZACIÓN - NO CONTROLADO |
| Término no controlado |
Eclesiología |
| 942 ## - TIPO DE MATERIAL (KOHA) |
| Tipo de Item KOHA |
Libros General |
| 945 ## - INFORMACIÓN LOCAL DEL REGISTRO |
| Catalogador |
JTF-925 |